Top Scottish Cities by Population Quiz Stats

Quiz Updated Mar 12, 2015

Also try: UK Populous Metros
Challenge
Share
Tweet
Score 0/10 Timer 03:00
11 Plays Today
% Correct
Glasgow
97.7%
Edinburgh
96.2%
Aberdeen
85.9%
Dundee
70.1%
Paisley
25.6%
Hamilton
21%
Livingston
20.3%
Kirkcaldy
16.8%
East Kilbride
15.2%
Cumbernauld
12.8%

You're not logged in!

Compare scores with friends on all Sporcle quizzes.
Sign Up with Email
OR
Log In

You Might Also Like...

Show Comments

Extras

Top Quizzes Today


Score Distribution

Your Account Isn't Verified!

In order to create a playlist on Sporcle, you need to verify the email address you used during registration. Go to your Sporcle Settings to finish the process.